000 00628nam a2200169 i 4500
001 142485
003 ES-MaACL
005 20230906200532.0
007 t|
008 071005s1906 sp ||||1| spa d
100 1 _aVillalobos González, Fabriciano Filiberto.
_9114965
245 1 0 _aProfilaxis de las enfermedades fomentadas y adquiridas en la escuela
_b: tesis doctoral /
_cFabriciano Filiberto Villalobos González.
260 _aSalamanca :
_b[s.n.],
_c1906 (
_fImpr. de Francisco Nuñez Izquierdo)
300 _aVII, 56 p. ;
_c20 cm.
594 _aPrecede al tít.: Facultad de Medicina.
852 _aES-MaACL
_jT-1136-F-4
999 _c142485
_d142485